| 000 | 00371nam a2200145Ia 4500 | ||
|---|---|---|---|
| 005 | 20250409181443.0 | ||
| 008 | 250409s9999||||xx |||||||||||||| ||und|| | ||
| 020 | _a978-81-315-0293-8 | ||
| 100 | _aDAVID L KURTZ AND LOUIS E BOONE | ||
| 245 | 0 | _aPRINCIPLES OF MARKETING | |
| 260 |
_bCENGAGE LEARNING _aAUSTRALIA |
||
| 300 | _a655 | ||
| 650 | _vManagement | ||
| 942 | _cBOOK | ||
| 999 |
_c20752 _d20752 |
||